000 00498nam a2200181 i 4500
001 25539
003 ES-MaACL
005 20230906153305.0
007 t|
008 021227s1956 sp ||||1| spa d
100 1 _aArias Paz, Manuel.
_9198742
245 1 0 _aMotocicletas /
_cpor Manuel Arias-Paz.
250 _a11ยช ed. ref.
260 _aMadrid :
_bDossat,
_c1956 (
_fSucs. de Rivadeneyra)
300 _a444 p. :
_bil. ;
_c20 cm.
852 _aES-MaACL
_jC-10592
_bR.38515
999 _c25539
_d25539